<?xml version="1.0" encoding="UTF-8"?>
<record
    xmlns:xsi="http://www.w3.org/2001/XMLSchema-instance"
    xsi:schemaLocation="http://www.loc.gov/MARC21/slim http://www.loc.gov/standards/marcxml/schema/MARC21slim.xsd"
    xmlns="http://www.loc.gov/MARC21/slim">

  <leader>00593nam a2200181Ia 4500</leader>
  <controlfield tag="003">OSt</controlfield>
  <controlfield tag="005">20260202152251.0</controlfield>
  <controlfield tag="008">210210b1945   xxu||||| |||| 00| 0 eng d</controlfield>
  <datafield tag="040" ind1=" " ind2=" ">
    <subfield code="c">AL</subfield>
  </datafield>
  <datafield tag="041" ind1=" " ind2=" ">
    <subfield code="a">kan</subfield>
  </datafield>
  <datafield tag="082" ind1=" " ind2=" ">
    <subfield code="a">852/660</subfield>
  </datafield>
  <datafield tag="100" ind1=" " ind2=" ">
    <subfield code="a">MAISURU COOPERATIVE EDUCATIONAL SOCIETY LIMITED</subfield>
    <subfield code="9">160243</subfield>
    <subfield code="d">&#xCAE;&#xCC8;&#xCB8;&#xCC2;&#xCB0;&#xCC1; &#xCB8;&#xCB9;&#xC95;&#xCBE;&#xCB0;&#xCBF; &#xC8E;&#xC9C;&#xCC1;&#xC95;&#xCC7;&#xCB6;&#xCA8;&#xCB2;&#xCCD; &#xCB8;&#xCCA;&#xCB8;&#xCC8;&#xC9F;&#xCBF; &#xCB2;&#xCBF;&#xCAE;&#xCBF;&#xC9F;&#xCC6;&#xCA1;&#xCCD;&#x200C;</subfield>
  </datafield>
  <datafield tag="245" ind1=" " ind2=" ">
    <subfield code="a">Amerikada kathe</subfield>
    <subfield code="b">&#xC85;&#xCAE;&#xCC7;&#xCB0;&#xCBF;&#xC95;&#xCBE;&#xCA6;  &#xC95;&#xCA5;&#xCC6; </subfield>
  </datafield>
  <datafield tag="260" ind1=" " ind2=" ">
    <subfield code="a">Bengaluru</subfield>
    <subfield code="b">-</subfield>
    <subfield code="c">1945</subfield>
  </datafield>
  <datafield tag="690" ind1=" " ind2=" ">
    <subfield code="a">Kannada Prose</subfield>
    <subfield code="9">160244</subfield>
  </datafield>
  <datafield tag="906" ind1=" " ind2=" ">
    <subfield code="a">019225</subfield>
  </datafield>
  <datafield tag="942" ind1=" " ind2=" ">
    <subfield code="2">ddc</subfield>
    <subfield code="c">BK</subfield>
  </datafield>
  <datafield tag="999" ind1=" " ind2=" ">
    <subfield code="c">143348</subfield>
    <subfield code="d">143348</subfield>
  </datafield>
  <datafield tag="952" ind1=" " ind2=" ">
    <subfield code="0">0</subfield>
    <subfield code="1">0</subfield>
    <subfield code="2">ddc</subfield>
    <subfield code="4">0</subfield>
    <subfield code="7">0</subfield>
    <subfield code="8">KAN</subfield>
    <subfield code="a">AL</subfield>
    <subfield code="b">AL</subfield>
    <subfield code="c">Kannada Literature</subfield>
    <subfield code="d">2021-02-17</subfield>
    <subfield code="g">0.00</subfield>
    <subfield code="l">0</subfield>
    <subfield code="o">852/660</subfield>
    <subfield code="p">019225</subfield>
    <subfield code="r">2021-02-17 00:00:00</subfield>
    <subfield code="w">2021-02-17</subfield>
    <subfield code="y">BK</subfield>
  </datafield>
</record>
